Normal view
MARC view
- الحكم العثماني للاردن 1517-1920- الزعانة -تاريخ
Entry Topical Term
001 - CONTROL NUMBER
- control field: 50029
003 - CONTROL NUMBER IDENTIFIER
- control field: JO-AjAnu
005 - DATE AND TIME OF LATEST TRANSACTION
- control field: 20230606082235.0
008 - FIXED-LENGTH DATA ELEMENTS
- fixed length control field: 230606|| aca||aabn | a|a d
040 ## - CATALOGING SOURCE
- Original cataloging agency: JO-AjAnu
- Transcribing agency: JO-AjAnu
150 ## - HEADING--TOPICAL TERM
- Topical term or geographic name entry element: الحكم العثماني للاردن 1517-1920- الزعانة -تاريخ
670 ## - SOURCE DATA FOUND
- Source citation: Work cat.: (JO-AjAnu)25579: تاليف بني عامر، موسى محمد أبو العسل؛ مراجعة فنية احمد الجوارنة؛ مراجعة تاريخية محمد بني يونس؛ مراجعة نحوية احمد جوهر الحسن, author 50028, الزعامات المحلية في تبنه: ناحية الكورة 1500-1921م